Paesi che producono il maggior numero di datteri - Statistics

Statistiche generali
  • Questo quiz è stato fatto 49 volte
  • Il punteggio medio è 15 su 20
Statistiche sulle risposte
1000 tonnellate nazione % Corretto
1590 Egitto
93%
130 Marocco
91%
1059 Algeria
87%
260 Tunisia
87%
755 Arabia Saudita
83%
1185 Iran
83%
619 Iraq
80%
175 Libia
80%
39 Turchia
80%
162 Cina
76%
361 Oman
67%
524 Pakistan
67%
48 Yemen
67%
475 Emirati Arabi Uniti
65%
44 Israele
65%
39 Stati Uniti
65%
439 Sudan
65%
29 Qatar
63%
25 Giordania
59%
87 Kuwait
59%
Nessun quiz corrispondente trovato
Distribuzione punteggi
Percentuale di utenti per punteggio
Percentile per numero di risposta
I tuoi punteggi nel tempo
Non hai fatto questo quiz